000 00753nam a2200265Ia 4500
003 OSt
005 20220918200328.0
006 a|||||r|||| 00| 0
007 ta
008 220917b |||||||| |||| 00| 0 eng d
024 _a88,313
037 _cTextual
040 _aARTS
_cARTS
_beng
041 _2eng
_aeng
082 _aU12:(B), L2
100 _aRichardus Peter
_993568
245 0 _aMap projections for geodesists, cartographers and geographers
260 _aAmsterdam
_bNorth-Holland
_c1972
300 _ax,174p.
_ccm.
500 _aApp 151-68p (A-C); Bib 169-70p
650 _aGEOGRAPHY
700 _a Adler Ron K
_993569
942 _hU12:(B), L2
_cTEXL
_2CC
999 _c212002
_d212002